• 首页
  • 本馆介绍
  • 公告通知
  • 最新文献
  • 馆藏检索
  • 电子资源
  • 读者导购
  • 参考咨询
  • 我的图书馆
  • 登录
  • 详细信息显示
  • 放入我的书架
  • 预约/预借图书
  • 作者相关作品
  • 分类相关作品
  • 丛书相关作品
  • 出版社相关作品

书目信息

  • 表格格式
  • 工作单格式
  • 卡片格式
题名:
五卅运动在天津
    
 
作者: ;中共天津市委党史资料征集委员会 , 天津市总工会工运史研究室 , 天津市历史博物馆 编
分册:  
出版信息: 北京   中共党史资料出版社  1987
页数: 343页
开本: 20cm
丛书名:
单 册:
中图分类: K262.22
科图分类:
主题词: 五卅运动(1925)--天津
电子资源:
ISBN: 7-80023-005-8
000 00910nam0 2200253 45
001 0187008612
005 20040518172654.2
010    @a7-80023-005-8@dCNY2.60
100    @a19900830d1987 emky0chiy0121 ea
101 0  @achi
102    @aCN@b110000
105    @af z 000yy
106    @ar
200 10 @a五卅运动在天津@Awu sa yun dong zai tian jin@f中共天津市委党史资料征集委员会等编
210    @a北京@c中共党史资料出版社@d1987
215    @a343页@c照片@d20cm
606    @a五卅运动(1925)@y天津
690    @aK262.22@v3
711 02 @a中共天津市委党史资料征集委员会@Azhong gong tian jin shi wei dang shi zi liao zheng ji wei yuan hui@4编
711 02 @a天津市总工会工运史研究室@Atian jin shi zong gong hui gong yun shi yan jiu shi@4编
711 02 @a天津市历史博物馆@Atian jin shi li shi bo wu guan@4编
801  0 @aCN@b深圳图书馆@c20040518
801  2 @aCN@bNLC@c20040518
905    @f2@b213174-175@dK262.22@e23
    
    五卅运动在天津/中共天津市委党史资料征集委员会等编.-北京:中共党史资料出版社,1987
    343页:照片;20cm
    
    
    ISBN 7-80023-005-8:CNY2.60
    
●
相关链接 在E读中查询图书 在五车中查询图书 在当当中查询图书 在豆瓣中查询图书


正题名:五卅运动在天津     索取号:K262.22/23         预约/预借

序号 登录号 条形码 馆藏地/架位号 状态 备注
1 0213174   000353593   第二借阅区/ [索取号:K262.22/23] 在馆    
2 0213175   000353584   第二借阅区/ [索取号:K262.22/23] 在馆    
3 0213176   000353619   第二样本阅览室/ [索取号:K262.22/23] 在馆    
欢迎您!
大连网信软件有限公司© 版权所有